Illini Basketball Starters - Statistics

General Stats
  • This quiz has been taken 33 times
  • The average score is 50 of 110
Answer Stats
Player % Correct
Ayo Dosunmu
95%
Da'Monte Williams
95%
Kofi Cockburn
95%
Aflonzo Plummer
90%
Chester Frazier
90%
Trent Frazier
90%
Deron Williams
86%
Frank Williams
86%
Dee Brown
71%
Adam Miller
62%
Jacob Grandison
62%
Luther Head
62%
Trent Frazier
57%
Malcom Hill
52%
Mike Davis
48%
Brandon Paul
43%
Demetri McCamey
43%
James Augustine
43%
Leron Black
43%
Mark Smith
43%
Meyers Leonard
43%
Nnanna Egwu
43%
Roger Powell
43%
Bill Cole
38%
Brian Cook
38%
Mike Tisdale
38%
Rich McBride
38%
DJ Richardson
33%
Giorgi Bezhanishvili
33%
Rayvonte Rice
33%
Aaron Jordan
29%
Kendrick Nunn
29%
Tracy Abrams
29%
Joseph Bertrand
24%
Trent Meacham
24%
Tyler Griffey
24%
Cory Bradford
19%
Maverick Morgan
19%
Michael Finke
19%
Warren Carter
19%
Brian Randle
14%
Cory Bradford
14%
Jon Ekey
14%
Khalid Lewis
14%
Robert Archibald
14%
Sean Harrington
14%
Shaun Pruitt
14%
Ahmad Starks
10%
Jalen Coleman-Lands
10%
Marcus Griffin
10%
Mark Alstork
10%
Te'Jon Lucas
10%
Sergio McClain
5%
No matching quizzes found
Score Distribution
Percent of People with Each Score
Percentile by Number Answered
Your Score History
You have not taken this quiz